000 01137nam a2200301 i 4500
003 EG-GICUC
005 20260121101326.0
008 251120s2001 ua ||||fr|||| 00| 0 ara d
017 _a2000/13125
040 _a EG-GICUC
_bara
_c EG-GICUC
_d EG-GICUC
_erda
041 0 _aara
082 0 4 _221
_a345.256
_bم ح . ا
092 0 4 _221
099 _aLaw1 07 345.256 م ح . ا 2001
100 0 _aمحمد أحمد عبد النعيم
_eمؤلف.
245 1 2 _aالاختصاص الرقابي للمجالس الشعبية المحلية في النظام المحلي المصري /
_cمحمد أحمد عبد النعيم.
264 1 _aالقاهرة :
_bدار النهضة العربية،
_c2001.
300 _a131 ؛ صفحة
_c24 سم
336 _2rda content
_atext
337 _2rda media
_aComputer
338 _2rda carrier
_aOnline Resource
546 _aالنص باللغة العربية
650 1 4 _aالقانون الإداري
650 1 4 _aالمجالس الشعبية المحلية
856 4 0 _uhttps://fll.law.cu.edu.eg/fulltext/bks/B07-00935.pdf
905 _a30
_eHassnaa
942 _2ddc
_cBK
_e21
_n0
999 _c45002
_d45002